| 000 | 00558nam a22002177a 4500 | ||
|---|---|---|---|
| 003 | OSt | ||
| 005 | 20140310182319.0 | ||
| 008 | 130312t xxu||||| |||| 00| 0 eng d | ||
| 020 | _a0157700488 | ||
| 050 |
_aN 350 _b.H875 1987 |
||
| 082 |
_aGS 701.8 _bH86 1987 |
||
| 100 |
_aHubbard, Guy _921085 |
||
| 245 |
_aArt in action / _cGuy Hubbard. |
||
| 260 |
_aSan Diego : _bCoronado, _c1987. |
||
| 300 |
_a149 p. : _bcol. ill. ; _c29 cm. |
||
| 500 | _aIncludes index. | ||
| 650 |
_aArts. _97159 |
||
| 942 |
_2lcc _cBK-GS |
||
| 999 |
_c11781 _d11781 |
||